| 000 | 00404cam a2200157ua 4500 | ||
|---|---|---|---|
| 041 |
_aeng _h |
||
| 082 |
_a828.09 _bDRY/OF |
||
| 100 | _aDryden, John . | ||
| 245 |
_aOf Dramatic poesy and other critical essays / _cJohn Dryden. _hTextual Documents |
||
| 250 |
_a1 / _b. |
||
| 260 |
_aLondon : _bJ M Dent and Sons Ltd , _c1962. |
||
| 300 | _a279 ; . | ||
| 504 | _a | ||
| 942 | _cBK | ||
| 999 |
_c3528 _d3528 |
||